00738nam a2200157 a 450000100100000000500170001000800410002704000250006808200140009311101460010724501330025326000700038630000220045671000660047871000360054400003170920200930063124.0110630s2007 dr 000 0 spa d aDO-SdBNPbspacBNPHU axxxxbE562 aEncuentro Iberoamericano de Educación Superior a Distancia de la AIESADn(12vo . :d2007, jun. 13-15cPuerto Plata, República Dominicana)13aLa calidad de la educación superior a distancia en el ámbito euro-latinoamericano :bperspectivas políticas y estrategias. aPuerto Plata, República Dominicana :bAIESAD :bUAPA,c[2007?]. a[12 p.] ;c23 cm.2 aAsociación Iberoamerica de Educación Superior a Distancia2 aUniversidad Abierta para Adulto